000 00963nam a2200265 4500
001 790299
005 19720626000000.0
008 720614s1972 nyu 001 0 eng
010 _a 74037785
020 _a0471959723
040 _aDLC
_cDLC
_dDLC
050 0 0 _aHA29
_b.W62 1990
082 0 0 _a519.5/02/4339
100 1 _aWonnacott, Thomas H.,
_d1935-
245 1 0 _aIntroductory statistics for business and economics
_c[by] Thomas H. Wonnacott [and] Ronald J. Wonnacott.
250 _a44th ed.
260 _aNew York,
_bWiley
_c1990
300 _axvi, 815 p.
_c24 cm.
500 _aincludes bibliographical references and index
650 0 _aStatistics.
700 1 _aWonnacott, Ronald J.,
_ejoint author.
906 _a7
_bcbc
_corignew
_d2
_eocip
_f19
_gy-gencatlg
942 _2lcc
_cBK
999 _c25050
_d25050